Регионална библиотека "Любен Каравелов" - Русе

Докоснат от Шекли (Запис номер 348630)

MARC детайли
000 -Лидер
Контролно поле с фиксирана дължина 00971nam a2200277 c 4500
003 - Код на организацията, давaща контролен номер
Контролно поле BLK
005 - Дата и час на последна редакция
Контролно поле 20241123113356.0
008 - Елементи от данни с фиксирана дължина
fixed length control field 180408b bul|||||r ||||||| ||bul||
010 ## - Наследен системен номер
LC control number KNG00070287000
020 ## - Международен стандартен номер на книга ISBN
Международен стандартен номер на книга ISBN 9786197354898
040 ## - Източник на каталожния запис
Идентификатор на билиотеката - собственик на записа BLK
041 ## - Код за език
Код за езика на текст/звукозапис или на отделно заглавие Български
Код за езика КДБФ Български
080 ## - УДК
Текстов определител УДК Българска литература
УДК код - определител по УДК 821.163.2
УДК - код + определител 821.163.2-32(082)
139 ## - Редно поле
Редна дума Докоснат от Шекли
Авторски знак Док - Д 72
245 10 - Сведения за заглавието
Заглавие Докоснат от Шекли
Редно поле (дума) Разкази от бълг. автори, вдъхновени от Робърт Шекли
257 ## - Страна на издаване
Страна на създаване/издаване България
260 ## - Област на издателските данни
Име на издателя, разпространителя и проч. Gaiana Book Art Studio
Година на издаване 2019
9 (RLIN) 214217
Място на издаване, разпространение и проч. Русе
300 ## - Физическа характеристика
Страници 196 с.
Размери/Мащаб 20 см
380 ## - Жанр
Жанр Худож. лит.
700 ## - Други автори (авторска отговорност)
9 (RLIN) 1311
Лично име Илиева, Кети
Автороска отговорност (Описва отношението между автора и произведението) ред.
Друга информация Илиева, Кирилка Христова
700 ## - Други автори (авторска отговорност)
9 (RLIN) 390421
Лично име Цанев, Явор Богомилов
Автороска отговорност (Описва отношението между автора и произведението) предпечат
852 ## - Местоположение
Фондова буква Заемна - подръчен фонд
Систематично-азбучна сигнатура 886.7-32/Д 72
856 4# - Електронен адрес и достъп
Електронен формат pdf - файл
856 4# - Електронен адрес и достъп
Електронен формат pdf - файл
999 ## - СИСТЕМНИ КОНТРОЛНИ НОМЕРА
Koha biblionumber 348630
Koha biblioitemnumber 348630
942 ## - АРТИКУЛИ
Вид на библиотечния материал Книги
Скрит в OPAC Не
Периодичен библиозапис Да
Koha issues (borrowed), all copies 1
944 ## - СЪЗДАВАНЕ И РЕДАКЦИЯ на ЗАПИСА
Служител, извършил регистрацията/редакцията 30570
Статус, дата на статуса Моника Янева
Наличности
Код за отписване Код за изгубен артикул Източник на класификационната схема Код за повреда Код за отдаване Артикулен № Име на библиотеката - собственик Име на библиотеката, в която се намира в момента Статус (Текущо местоположение) Дата на вписване в системата Местоположение - отдел Цена в лева Систематично азбучна сигнатура Баркод Цена в евро Служебен тип на артикула
  Не е изгубен Universal Decimal Classification Не е повреден заемане за дома 755731 Регионална библиотека "Любен Каравелов" Русе Регионална библиотека "Любен Каравелов" Русе Заемна - подръчен фонд 2020-02-20 Заемна - подръчен фонд 10.00 821.163.2-32/Д 72 120000842693 5.11 Книги
  Не е изгубен Universal Decimal Classification Не е повреден заемане за дома 755732 Регионална библиотека "Любен Каравелов" Русе Регионална библиотека "Любен Каравелов" Русе Заемна - подръчен фонд 2020-02-20 Заемна - подръчен фонд 10.00 821.163.2-32/Д 72 120000842691 5.11 Книги
  Не е изгубен Universal Decimal Classification Не е повреден заемане за дома 755733 Регионална библиотека "Любен Каравелов" Русе Регионална библиотека "Любен Каравелов" Русе Заемна - подръчен фонд 2020-02-20 Заемна - подръчен фонд 10.00 821.163.2-32/Д 72 120000842692 5.11 Книги
Vip Innovations Ltd, Rousse, Bulgaria 2025